introduction to the world economy (Record no. 1592)

MARC details
000 -LEADER
fixed length control field 00496cam a2200193ua 4500
001 - CONTROL NUMBER
control field 1708
005 - DATE AND TIME OF LATEST TRANSACTION
control field 20260515113356.0
008 - FIXED-LENGTH DATA ELEMENTS--GENERAL INFORMATION
fixed length control field 110715n xxk |||gr||||Z||||||eng
040 ## - CATALOGING SOURCE
Transcribing agency MAIN
082 ## - DEWEY DECIMAL CLASSIFICATION NUMBER
Classification number 330.9
100 1# - MAIN ENTRY--PERSONAL NAME
Personal name Brown, A. J.,
Relator term Author.
245 1# - TITLE STATEMENT
Title introduction to the world economy
Statement of responsibility, etc. by A. J. Brown
250 ## - EDITION STATEMENT
Edition statement 7th.
260 ## - PUBLICATION, DISTRIBUTION, ETC.
Place of publication, distribution, etc. London:
Name of publisher, distributor, etc. Unwin university books,966.
300 ## - PHYSICAL DESCRIPTION
Extent 214p:
Dimensions 23cm.
653 ## - INDEX TERM--UNCONTROLLED
Uncontrolled term Economic
653 ## - INDEX TERM--UNCONTROLLED
Uncontrolled term introduction to the world economic
942 ## - ADDED ENTRY ELEMENTS (KOHA)
Koha item type Books
Holdings
Withdrawn status Lost status Damaged status Not for loan Home library Current library Shelving location Date acquired Total checkouts Full call number Barcode Date last seen Copy number Price effective from Koha item type
        Naharkatiya College Library Naharkatiya College Library General stacks 09/19/2020   330.9 | BRO 2000 09/19/2020 1 09/19/2020 Books